000 00498cam a22001337a 4500
008 180718b1978 xxu||||| |||| 00| 0 eng d
082 _aF5x54 In2n
100 _aIndia. P. Jaganmohan Reddy Commission of Inquiry (regarding Nagarwala case)
245 _aP. Jaganmohan Reddy Commission of Inquiry (regarding Nagarwala case): report
260 _aDelhi
_bThe Controller of Publications
_c1978
300 _a227+p.
500 _aChairman: P. Jaganmohan Reddy
700 _aReddy, P. Jaganmohan (Chairman)
999 _c489230
_d489230